00724nam a2200181 a 450000100060000000300090000600800410001502000150005604000280007108200170009910000190011624500600013526000350019530000110023050502500024165000230049165000280051418826CO-ViMGA141112s2004 ck r 000 u spa d a8480195711 aCO-ViMGAbspacCO-ViMGA04a796.077 P5171 aPlatonov, V.N.10aTeoría general del entrenamiento deportivo olímpico aBarcelona : bPaidotribo; 2001 a686 p. aDeportes Olímpicos Preparación física de los deportistas Preparación psicológica de los deportistas Cualidades motrices : velocidad, flexibilidad, fuerza, coordinación, resistencia Preparación del deportista en condiciones extremas14aDEPORTE - TECNICAS14aENTRENAMIENTO DEPORTIVO